| 000 | 00506nam a22001937a 4500 | ||
|---|---|---|---|
| 005 | 20260515115055.0 | ||
| 008 | 250304b |||||||| |||| 00| 0 eng d | ||
| 020 | _a9789358494945 | ||
| 040 |
_aIN-DiNC _cIN-DiNC |
||
| 041 | _dasm | ||
| 082 |
_a891.4511 _bASA |
||
| 245 |
_aAsamiya kabita (Major7)/ _ced. by Ashim Chutia |
||
| 250 | _a1st ed. | ||
| 260 |
_aDibrugarh: _bBanalata, _c2025. |
||
| 300 | _a272p. | ||
| 650 | _aAssamese poetry (Major7) | ||
| 700 |
_aChutia, Ashim _eEditor |
||
| 942 |
_2ddc _cBK |
||
| 999 |
_c12095 _d12095 |
||